มุมมองปกติ
มุมมองแบบ MARC
- การมีส่วนร่วมของประชาชน
รายการ Topical Term
001 - CONTROL NUMBER
- control field: 12848
003 - CONTROL NUMBER IDENTIFIER
- control field: NALT
005 - DATE AND TIME OF LATEST TRANSACTION
- control field: 20170914104507.0
008 - FIXED-LENGTH DATA ELEMENTS
- fixed length control field: 170817|| aca||aabn | a|a d
040 ## - CATALOGING SOURCE
- Original cataloging agency: NALT
- Transcribing agency: NALT
150 ## - HEADING--TOPICAL TERM
- Topical term or geographic name entry element: การมีส่วนร่วมของประชาชน
- General subdivision: ด้านการศึกษา
- General subdivision: วิจัย
670 ## - SOURCE DATA FOUND
- Source citation: Work cat.: (NALT)45124: ณัฐพงศ์ อภิวงศ์วาร 12847, การมีส่วนร่วมของประชาชนในการจัดการศึกษาของโรงเรียนชุมชนบ้านวังดิน อำเภอลี้ จังหวัดลำพูน, 2546
